[Event "Baku Chess Olympiad | Open"]
[Site "chess24.com"]
[Date "2016.09.12"]
[Round "10"]
[White "Farley, Terry"]
[Black "Morris, Charles F"]
[Result "1-0"]
[Board "4"]
[WhiteID "11100095"]
[WhiteElo "2203"]
[WhiteTitle "IM"]
[WhiteCountry "BAR"]
[WhiteFideId "11100095"]
[WhiteEloChange "8"]
[BlackID "1800140"]
[BlackElo "2127"]
[BlackCountry "WLS"]
[BlackFideId "1800140"]
[BlackEloChange "-8"]

1. e4 {[%clk 1:30:51]} e6 {[%clk 1:30:48]} 2. d4 {[%clk 1:31:13]} d5 {[%clk
1:31:15]} 3. Nd2 {[%clk 1:30:54]} Be7 {[%clk 1:30:41]} 4. Ngf3 {[%clk 1:30:12]}
Nf6 {[%clk 1:30:30]} 5. Bd3 {[%clk 1:26:39]} c5 {[%clk 1:30:16]} 6. e5 {[%clk
1:26:50]} Nfd7 {[%clk 1:30:22]} 7. c3 {[%clk 1:27:09]} b6 {[%clk 1:24:41]} 8. Qe2
{[%clk 1:25:55]} a5 {[%clk 1:21:02]} 9. a4 {[%clk 1:25:57]} Na6 {[%clk 1:13:00]}
10. O-O {[%clk 1:22:39]} Qc7 {[%clk 1:07:47]} 11. Re1 {[%clk 1:17:34]} Ndb8
{[%clk 0:55:07]} 12. Nb1 {[%clk 1:02:25]} h6 {[%clk 0:45:45]} 13. Na3 {[%clk
1:02:35]} c4 {[%clk 0:45:22]} 14. Nb5 {[%clk 0:58:22]} Qd7 {[%clk 0:45:42]} 15.
Bc2 {[%clk 0:58:31]} Nc7 {[%clk 0:46:01]} 16. Nd6+ {[%clk 0:55:41]} Bxd6 {[%clk
0:44:01]} 17. exd6 {[%clk 0:56:06]} Qxd6 {[%clk 0:44:28]} 18. Ne5 {[%clk
0:55:18]} Nba6 {[%clk 0:39:02]} 19. Qg4 {[%clk 0:47:03]} Qf8 {[%clk 0:36:10]} 20.
b3 {[%clk 0:45:16]} cxb3 {[%clk 0:34:58]} 21. Ba3 {[%clk 0:45:31]} Qg8 {[%clk
0:35:07]} 22. Bd3 {[%clk 0:40:56]} g5 {[%clk 0:31:49]} 23. Qh5 {[%clk 0:36:19]}
Qg7 {[%clk 0:27:09]} 24. Nxf7 {[%clk 0:36:12]} Kd7 {[%clk 0:26:02]} 25. Nxh8
{[%clk 0:34:46]} Qxh8 {[%clk 0:26:27]} 26. Bb5+ {[%clk 0:34:37]} Nxb5 {[%clk
0:23:22]} 27. axb5 {[%clk 0:34:41]} Kd8 {[%clk 0:17:57]} 28. bxa6 {[%clk
0:28:43]} Rxa6 {[%clk 0:18:21]} 29. Qf7 {[%clk 0:27:38]} Bd7 {[%clk 0:18:08]} 30.
Qe7+ {[%clk 0:25:31]} Kc8 {[%clk 0:18:23]} 31. Rxe6 {[%clk 0:25:19]} 1-0

[Event "Baku Chess Olympiad | Open"]
[Site "chess24.com"]
[Date "2016.09.12"]
[Round "10"]
[White "Michaelides, Konstantinos"]
[Black "Pineda, Juan Jose"]
[Result "0-1"]
[Board "1"]
[WhiteID "5901871"]
[WhiteElo "2060"]
[WhiteTitle "CM"]
[WhiteCountry "CYP"]
[WhiteFideId "5901871"]
[WhiteEloChange "-7"]
[BlackID "6100465"]
[BlackElo "2175"]
[BlackTitle "FM"]
[BlackCountry "NCA"]
[BlackFideId "6100465"]
[BlackEloChange "7"]

1. e4 {[%clk 1:30:55]} e5 {[%clk 1:30:53]} 2. Nf3 {[%clk 1:31:21]} Nc6 {[%clk
1:31:17]} 3. d4 {[%clk 1:31:35]} exd4 {[%clk 1:31:00]} 4. Nxd4 {[%clk 1:31:58]}
Bc5 {[%clk 1:31:00]} 5. Be3 {[%clk 1:32:11]} Bb6 {[%clk 1:30:04]} 6. Nxc6 {[%clk
1:29:03]} bxc6 {[%clk 1:30:20]} 7. Bxb6 {[%clk 1:26:30]} axb6 {[%clk 1:30:30]} 8.
Bd3 {[%clk 1:21:01]} Qg5 {[%clk 1:25:14]} 9. O-O {[%clk 1:19:42]} d6 {[%clk
1:25:08]} 10. f4 {[%clk 1:16:10]} Qh4 {[%clk 1:19:56]} 11. Qd2 {[%clk 1:04:51]}
Nf6 {[%clk 1:13:59]} 12. Nc3 {[%clk 0:48:33]} Ra5 {[%clk 1:10:22]} 13. e5 {[%clk
0:36:21]} dxe5 {[%clk 1:07:50]} 14. b4 {[%clk 0:28:38]} Ra3 {[%clk 0:56:03]} 15.
Rae1 {[%clk 0:25:38]} O-O {[%clk 0:52:11]} 16. fxe5 {[%clk 0:21:35]} Ng4 {[%clk
0:46:45]} 17. h3 {[%clk 0:15:35]} Nh6 {[%clk 0:24:43]} 18. Ne4 {[%clk 0:08:26]}
Be6 {[%clk 0:20:59]} 19. Rf4 {[%clk 0:07:37]} Qd8 {[%clk 0:17:17]} 20. Qf2 {[%clk
0:04:08]} Kh8 {[%clk 0:14:49]} 21. g4 {[%clk 0:03:46]} Ng8 {[%clk 0:12:54]} 22.
g5 {[%clk 0:03:32]} Ne7 {[%clk 0:12:17]} 23. Rh4 {[%clk 0:02:09]} Ng6 {[%clk
0:12:03]} 24. Rh5 {[%clk 0:01:30]} Rxd3 {[%clk 0:06:06]} 25. cxd3 {[%clk
0:01:43]} Qxd3 {[%clk 0:06:11]} 26. Ng3 {[%clk 0:00:46]} Ra8 {[%clk 0:05:11]} 27.
Re2 {[%clk 0:00:44]} Qb1+ {[%clk 0:04:39]} 28. Kh2 {[%clk 0:00:56]} Qxb4 {[%clk
0:04:31]} 29. Rd2 {[%clk 0:00:32]} Qxd2 {[%clk 0:03:38]} 30. Qxd2 {[%clk
0:00:51]} Rxa2 {[%clk 0:03:58]} 31. Qxa2 {[%clk 0:00:54]} Bxa2 {[%clk 0:04:20]}
32. Kg1 {[%clk 0:00:54]} Bb3 {[%clk 0:04:33]} 33. Nf1 {[%clk 0:00:32]} Bd1 {[%clk
0:04:49]} 34. Ng3 {[%clk 0:00:56]} b5 {[%clk 0:04:48]} 0-1

[Event "Baku Chess Olympiad | Open"]
[Site "chess24.com"]
[Date "2016.09.12"]
[Round "10"]
[White "Ortiz, Marcos"]
[Black "Constantinou, Pavlos"]
[Result "1-0"]
[Board "2"]
[WhiteID "6100678"]
[WhiteElo "2219"]
[WhiteCountry "NCA"]
[WhiteFideId "6100678"]
[WhiteEloChange "6"]
[BlackID "5900328"]
[BlackElo "2058"]
[BlackTitle "CM"]
[BlackCountry "CYP"]
[BlackFideId "5900328"]
[BlackEloChange "-6"]

1. e4 {[%clk 1:30:55]} c5 {[%clk 1:30:32]} 2. Nf3 {[%clk 1:31:02]} Nc6 {[%clk
1:30:48]} 3. d4 {[%clk 1:31:15]} cxd4 {[%clk 1:31:09]} 4. Nxd4 {[%clk 1:31:28]}
g6 {[%clk 1:31:23]} 5. Nc3 {[%clk 1:31:24]} Bg7 {[%clk 1:31:37]} 6. Be3 {[%clk
1:31:43]} Nf6 {[%clk 1:31:56]} 7. Bc4 {[%clk 1:32:03]} O-O {[%clk 1:32:11]} 8.
Bb3 {[%clk 1:32:23]} a5 {[%clk 1:32:26]} 9. f3 {[%clk 1:32:29]} d5 {[%clk
1:32:46]} 10. Bxd5 {[%clk 1:32:48]} Nxd5 {[%clk 1:33:09]} 11. exd5 {[%clk
1:33:09]} Nb4 {[%clk 1:32:49]} 12. Nde2 {[%clk 1:33:32]} e6 {[%clk 1:32:44]} 13.
a3 {[%clk 1:33:55]} Nxd5 {[%clk 1:32:45]} 14. Nxd5 {[%clk 1:34:19]} exd5 {[%clk
1:33:02]} 15. Bd4 {[%clk 1:34:41]} Bh6 {[%clk 1:32:45]} 16. O-O {[%clk 1:34:31]}
Re8 {[%clk 1:22:33]} 17. Nc3 {[%clk 1:34:23]} Bf5 {[%clk 1:20:00]} 18. Nb5 {[%clk
1:27:33]} Qd7 {[%clk 1:05:32]} 19. a4 {[%clk 1:26:31]} Qc6 {[%clk 0:58:35]} 20.
c3 {[%clk 1:26:03]} Re7 {[%clk 0:47:50]} 21. Re1 {[%clk 1:13:01]} Rae8 {[%clk
0:45:02]} 22. Rxe7 {[%clk 1:13:21]} Rxe7 {[%clk 0:45:27]} 23. Bf2 {[%clk
1:11:28]} Bd7 {[%clk 0:37:55]} 24. Qd3 {[%clk 1:04:58]} Qc4 {[%clk 0:31:47]} 25.
Qxc4 {[%clk 1:01:16]} dxc4 {[%clk 0:32:15]} 26. Nd6 {[%clk 1:01:19]} Be6 {[%clk
0:29:07]} 27. Nb5 {[%clk 0:47:19]} Bf5 {[%clk 0:19:41]} 28. Nd4 {[%clk 0:45:55]}
Bd3 {[%clk 0:18:50]} 29. b3 {[%clk 0:41:09]} Be3 {[%clk 0:06:08]} 30. Bxe3 {[%clk
0:36:41]} Rxe3 {[%clk 0:06:36]} 31. Kf2 {[%clk 0:36:45]} Re7 {[%clk 0:06:44]} 32.
bxc4 {[%clk 0:35:28]} Rc7 {[%clk 0:06:08]} 33. Nb3 {[%clk 0:30:52]} b6 {[%clk
0:06:03]} 34. c5 {[%clk 0:29:20]} bxc5 {[%clk 0:03:04]} 35. Nxa5 {[%clk 0:29:44]}
c4 {[%clk 0:03:26]} 36. Ke3 {[%clk 0:29:09]} Re7+ {[%clk 0:00:36]} 37. Kd4 {[%clk
0:29:21]} Re2 {[%clk 0:00:34]} 38. Nxc4 {[%clk 0:29:19]} Bf5 {[%clk 0:00:34]} 39.
a5 {[%clk 0:29:26]} Re8 {[%clk 0:00:31]} 1-0

[Event "Baku Chess Olympiad | Open"]
[Site "chess24.com"]
[Date "2016.09.12"]
[Round "10"]
[White "Theocharous, Stelios"]
[Black "Alfaro, William"]
[Result "1/2-1/2"]
[Board "3"]
[WhiteID "5901545"]
[WhiteElo "2065"]
[WhiteCountry "CYP"]
[WhiteFideId "5901545"]
[WhiteEloChange "3"]
[BlackID "6100457"]
[BlackElo "2188"]
[BlackTitle "FM"]
[BlackCountry "NCA"]
[BlackFideId "6100457"]
[BlackEloChange "-3"]

1. e4 {[%clk 1:30:58]} c5 {[%clk 1:27:46]} 2. Nf3 {[%clk 1:31:24]} Nc6 {[%clk
1:28:11]} 3. d4 {[%clk 1:31:50]} cxd4 {[%clk 1:28:39]} 4. Nxd4 {[%clk 1:32:15]}
g6 {[%clk 1:29:06]} 5. c4 {[%clk 1:32:31]} Bg7 {[%clk 1:29:33]} 6. Be3 {[%clk
1:32:57]} Nf6 {[%clk 1:30:00]} 7. Nc3 {[%clk 1:33:21]} O-O {[%clk 1:30:27]} 8.
Be2 {[%clk 1:33:07]} d6 {[%clk 1:30:44]} 9. O-O {[%clk 1:33:29]} Bd7 {[%clk
1:31:11]} 10. f3 {[%clk 1:28:56]} Nxd4 {[%clk 1:30:36]} 11. Bxd4 {[%clk 1:29:19]}
Bc6 {[%clk 1:31:00]} 12. Qd2 {[%clk 1:26:47]} a5 {[%clk 1:31:15]} 13. b3 {[%clk
1:24:24]} Nd7 {[%clk 1:31:38]} 14. Be3 {[%clk 1:23:50]} Nc5 {[%clk 1:30:24]} 15.
Rab1 {[%clk 1:23:35]} Qb6 {[%clk 1:30:13]} 16. Rfc1 {[%clk 1:23:34]} Rfc8 {[%clk
1:30:28]} 17. Nd5 {[%clk 1:19:57]} Bxd5 {[%clk 1:24:53]} 18. cxd5 {[%clk
1:18:01]} Qb4 {[%clk 1:15:29]} 19. a4 {[%clk 1:04:13]} Qxd2 {[%clk 1:09:07]} 20.
Bxd2 {[%clk 1:04:37]} b6 {[%clk 1:02:19]} 21. Bb5 {[%clk 0:55:15]} Rab8 {[%clk
1:00:16]} 22. Kf1 {[%clk 0:50:34]} Be5 {[%clk 0:59:35]} 23. h3 {[%clk 0:40:34]}
e6 {[%clk 0:52:18]} 24. b4 {[%clk 0:28:47]} axb4 {[%clk 0:52:17]} 25. Rxb4 {[%clk
0:28:33]} exd5 {[%clk 0:43:45]} 26. exd5 {[%clk 0:28:52]} f5 {[%clk 0:43:39]} 27.
Rcb1 {[%clk 0:25:53]} Rb7 {[%clk 0:40:10]} 28. Rc4 {[%clk 0:19:54]} Re7 {[%clk
0:18:59]} 29. Bc6 {[%clk 0:14:36]} Nd3 {[%clk 0:10:27]} 30. Rxb6 {[%clk 0:10:48]}
Bg3 {[%clk 0:09:46]} 31. Rb1 {[%clk 0:10:08]} Ra7 {[%clk 0:05:57]} 32. Be3 {[%clk
0:08:04]} Re7 {[%clk 0:04:05]} 33. Bd2 {[%clk 0:08:25]} Ra7 {[%clk 0:03:37]} 34.
Rc3 {[%clk 0:05:55]} Nc5 {[%clk 0:03:22]} 35. Be3 {[%clk 0:04:23]} Ra5 {[%clk
0:02:44]} 36. Rb5 {[%clk 0:01:55]} Nxa4 {[%clk 0:02:21]} 1/2-1/2

[Event "Baku Chess Olympiad | Open"]
[Site "chess24.com"]
[Date "2016.09.12"]
[Round "10"]
[White "Bravo, William"]
[Black "Demosthenous, Andreas"]
[Result "0-1"]
[Board "4"]
[WhiteID "6100406"]
[WhiteElo "2194"]
[WhiteTitle "FM"]
[WhiteCountry "NCA"]
[WhiteFideId "6100406"]
[WhiteEloChange "-15"]
[BlackID "5904358"]
[BlackElo "1983"]
[BlackCountry "CYP"]
[BlackFideId "5904358"]
[BlackEloChange "15"]

1. d4 {[%clk 1:30:57]} Nf6 {[%clk 1:30:52]} 2. c4 {[%clk 1:31:22]} c5 {[%clk
1:31:18]} 3. d5 {[%clk 1:31:46]} e6 {[%clk 1:31:41]} 4. Nc3 {[%clk 1:32:05]} exd5
{[%clk 1:32:05]} 5. cxd5 {[%clk 1:32:32]} d6 {[%clk 1:32:13]} 6. e4 {[%clk
1:32:55]} g6 {[%clk 1:32:37]} 7. f4 {[%clk 1:32:58]} Bg7 {[%clk 1:31:56]} 8. Bb5+
{[%clk 1:33:16]} Nfd7 {[%clk 1:32:04]} 9. a4 {[%clk 1:33:34]} O-O {[%clk
1:30:43]} 10. Nf3 {[%clk 1:33:50]} Na6 {[%clk 1:20:29]} 11. O-O {[%clk 1:34:13]}
Nb4 {[%clk 1:15:46]} 12. Be3 {[%clk 1:26:05]} a6 {[%clk 1:13:10]} 13. Be2 {[%clk
1:18:10]} Re8 {[%clk 1:09:15]} 14. Bf2 {[%clk 1:09:22]} b6 {[%clk 1:00:00]} 15.
Bh4 {[%clk 1:07:34]} Bf6 {[%clk 0:59:02]} 16. Bg3 {[%clk 1:06:36]} Bd4+ {[%clk
0:47:48]} 17. Kh1 {[%clk 1:07:01]} f5 {[%clk 0:47:41]} 18. exf5 {[%clk 0:42:02]}
gxf5 {[%clk 0:48:09]} 19. Nxd4 {[%clk 0:41:11]} cxd4 {[%clk 0:48:34]} 20. Bh5
{[%clk 0:37:41]} Rf8 {[%clk 0:41:57]} 21. Na2 {[%clk 0:32:35]} Nxa2 {[%clk
0:36:31]} 22. Rxa2 {[%clk 0:32:55]} a5 {[%clk 0:34:39]} 23. Qxd4 {[%clk 0:28:38]}
Ba6 {[%clk 0:33:45]} 24. Re1 {[%clk 0:25:18]} Rc8 {[%clk 0:33:00]} 25. Ra3 {[%clk
0:17:02]} Qf6 {[%clk 0:27:11]} 26. Bf2 {[%clk 0:12:10]} Rc4 {[%clk 0:22:02]} 27.
Rg3+ {[%clk 0:12:18]} Kh8 {[%clk 0:22:03]} 28. Qxf6+ {[%clk 0:12:19]} Nxf6 {[%clk
0:22:31]} 29. Be2 {[%clk 0:12:07]} Rc2 {[%clk 0:16:16]} 30. Bxa6 {[%clk 0:12:29]}
Rxf2 {[%clk 0:16:06]} 31. Kg1 {[%clk 0:10:20]} Rxf4 {[%clk 0:12:37]} 32. Rf3
{[%clk 0:09:51]} Rxf3 {[%clk 0:12:08]} 33. gxf3 {[%clk 0:10:19]} Nxd5 {[%clk
0:10:55]} 34. Rd1 {[%clk 0:09:46]} Nb4 {[%clk 0:10:51]} 35. Bc4 {[%clk 0:09:57]}
Rf6 {[%clk 0:10:04]} 36. Kf2 {[%clk 0:09:41]} f4 {[%clk 0:09:21]} 37. Kg2 {[%clk
0:06:06]} Kg7 {[%clk 0:09:00]} 38. Kh3 {[%clk 0:06:33]} Nc2 {[%clk 0:05:40]} 39.
Kh4 {[%clk 0:02:56]} Ne3 {[%clk 0:04:20]} 40. Rg1+ {[%clk 0:32:53]} Rg6 {[%clk
0:34:37]} 41. Rxg6+ {[%clk 0:32:22]} hxg6 {[%clk 0:34:55]} 42. Bd3 {[%clk
0:32:19]} Kf6 {[%clk 0:35:03]} 43. h3 {[%clk 0:32:20]} d5 {[%clk 0:34:01]} 44.
Bb1 {[%clk 0:32:37]} g5+ {[%clk 0:28:59]} 45. Kh5 {[%clk 0:33:04]} Nc4 {[%clk
0:28:15]} 0-1

[Event "Baku Chess Olympiad | Open"]
[Site "chess24.com"]
[Date "2016.09.12"]
[Round "10"]
[White "Shrestha, Keshav"]
[Black "Song, Raymond"]
[Result "0-1"]
[Board "1"]
[WhiteID "12300055"]
[WhiteElo "2099"]
[WhiteTitle "CM"]
[WhiteCountry "NEP"]
[WhiteFideId "12300055"]
[WhiteEloChange "-8"]
[BlackID "3203824"]
[BlackElo "2170"]
[BlackCountry "TPE"]
[BlackFideId "3203824"]
[BlackEloChange "8"]

1. e4 {[%clk 1:30:44]} c5 {[%clk 1:30:49]} 2. Nc3 {[%clk 1:30:40]} e6 {[%clk
1:31:10]} 3. Nf3 {[%clk 1:30:08]} Nf6 {[%clk 1:31:28]} 4. d4 {[%clk 1:29:01]}
cxd4 {[%clk 1:31:54]} 5. Nxd4 {[%clk 1:29:25]} Bb4 {[%clk 1:32:18]} 6. Bd3 {[%clk
1:20:00]} e5 {[%clk 1:32:43]} 7. Nf5 {[%clk 1:15:48]} O-O {[%clk 1:33:09]} 8. O-O
{[%clk 1:11:13]} Bxc3 {[%clk 1:33:37]} 9. bxc3 {[%clk 1:10:55]} d5 {[%clk
1:34:05]} 10. Qf3 {[%clk 1:07:21]} dxe4 {[%clk 1:30:56]} 11. Bxe4 {[%clk
1:07:38]} Nxe4 {[%clk 1:31:20]} 12. Qxe4 {[%clk 1:07:40]} Bxf5 {[%clk 1:31:47]}
13. Qxf5 {[%clk 1:07:48]} Nc6 {[%clk 1:32:13]} 14. Rb1 {[%clk 1:05:52]} b6 {[%clk
1:29:52]} 15. Bg5 {[%clk 1:01:43]} Qc8 {[%clk 1:29:44]} 16. Qf3 {[%clk 1:01:13]}
Qe6 {[%clk 1:28:37]} 17. Rfe1 {[%clk 0:58:55]} Rac8 {[%clk 1:28:20]} 18. a4
{[%clk 0:56:16]} Qg6 {[%clk 1:28:09]} 19. h4 {[%clk 0:52:14]} h6 {[%clk 1:26:17]}
20. Be3 {[%clk 0:49:11]} Qxc2 {[%clk 1:26:44]} 21. Rec1 {[%clk 0:44:41]} Qxa4
{[%clk 1:26:15]} 22. Qg3 {[%clk 0:43:16]} Kh8 {[%clk 1:25:09]} 23. Ra1 {[%clk
0:41:02]} Qe4 {[%clk 1:25:23]} 24. Re1 {[%clk 0:38:58]} Qc4 {[%clk 1:25:22]} 25.
Rec1 {[%clk 0:34:34]} f5 {[%clk 1:25:21]} 26. f4 {[%clk 0:31:52]} e4 {[%clk
1:25:42]} 27. Kh2 {[%clk 0:28:41]} Rfd8 {[%clk 1:25:18]} 28. Qg6 {[%clk 0:24:22]}
Qe2 {[%clk 1:21:58]} 29. Re1 {[%clk 0:19:58]} Qg4 {[%clk 1:22:16]} 30. Qxg4
{[%clk 0:19:13]} fxg4 {[%clk 1:22:42]} 31. Ra4 {[%clk 0:17:48]} Kg8 {[%clk
1:14:05]} 32. Rxe4 {[%clk 0:16:37]} h5 {[%clk 1:14:30]} 33. Bd4 {[%clk 0:13:40]}
Kf7 {[%clk 1:12:32]} 34. f5 {[%clk 0:10:52]} Re8 {[%clk 1:09:30]} 35. Re6 {[%clk
0:07:15]} Nxd4 {[%clk 1:03:53]} 36. cxd4 {[%clk 0:07:22]} Rxe6 {[%clk 1:03:42]}
37. fxe6+ {[%clk 0:06:34]} Ke7 {[%clk 1:04:11]} 38. d5 {[%clk 0:06:35]} Kd6
{[%clk 1:04:07]} 39. Rd1 {[%clk 0:06:14]} a5 {[%clk 1:03:43]} 40. Kg3 {[%clk
0:34:58]} a4 {[%clk 1:33:30]} 41. Kf4 {[%clk 0:32:01]} a3 {[%clk 1:31:30]} 42.
Rb1 {[%clk 0:29:30]} Kxd5 {[%clk 1:28:54]} 43. Rxb6 {[%clk 0:25:11]} Ra8 {[%clk
1:29:21]} 44. e7 {[%clk 0:22:10]} a2 {[%clk 1:29:49]} 45. e8Q {[%clk 0:19:06]}
Rxe8 {[%clk 1:30:16]} 46. Ra6 {[%clk 0:19:17]} Re2 {[%clk 1:30:29]} 47. g3 {[%clk
0:19:05]} Kc4 {[%clk 1:29:04]} 48. Ra7 {[%clk 0:16:53]} Kb3 {[%clk 1:29:16]} 49.
Kg5 {[%clk 0:15:53]} Re4 {[%clk 1:29:23]} 50. Rxa2 {[%clk 0:10:31]} Kxa2 {[%clk
1:29:49]} 51. Kxh5 {[%clk 0:10:50]} Kb3 {[%clk 1:30:17]} 52. Kg6 {[%clk 0:10:05]}
Re3 {[%clk 1:30:41]} 0-1

[Event "Baku Chess Olympiad | Open"]
[Site "chess24.com"]
[Date "2016.09.12"]
[Round "10"]
[White "Yang,ching Wei, Austin"]
[Black "Maharjan, Sajin"]
[Result "*"]
[Board "2"]
[WhiteID "16300440"]
[WhiteElo "1997"]
[WhiteTitle "FM"]
[WhiteCountry "TPE"]
[WhiteFideId "16300440"]
[BlackID "12301906"]
[BlackElo "2034"]
[BlackCountry "NEP"]
[BlackFideId "12301906"]

1. e4 {[%clk 1:30:49]} c5 {[%clk 1:30:52]} 2. Nc3 {[%clk 1:31:04]} g6 {[%clk
1:29:54]} 3. g3 {[%clk 1:25:13]} Bg7 {[%clk 1:29:05]} 4. Bg2 {[%clk 1:25:34]} d6
{[%clk 1:28:53]} 5. Nge2 {[%clk 1:25:01]} Nc6 {[%clk 1:28:52]} 6. d3 {[%clk
1:25:00]} e6 {[%clk 1:27:34]} 7. O-O {[%clk 1:24:18]} Nge7 {[%clk 1:27:50]} 8. f4
{[%clk 1:19:20]} O-O {[%clk 1:25:49]} 9. Be3 {[%clk 1:17:03]} Nd4 {[%clk
1:22:12]} 10. Qd2 {[%clk 1:16:03]} Rb8 {[%clk 1:20:04]} 11. Nd1 {[%clk 1:12:25]}
b5 {[%clk 1:13:10]} 12. g4 {[%clk 0:56:20]} f5 {[%clk 1:09:56]} 13. gxf5 {[%clk
0:54:10]} exf5 {[%clk 1:00:36]} 14. Bxd4 {[%clk 0:47:42]} cxd4 {[%clk 1:00:21]}
15. Nf2 {[%clk 0:44:05]} Bb7 {[%clk 0:43:00]} 16. Qb4 {[%clk 0:31:50]} a5 {[%clk
0:39:32]} 17. Qb3+ {[%clk 0:31:30]} Kh8 {[%clk 0:39:30]} 18. a4 {[%clk 0:29:28]}
b4 {[%clk 0:38:01]} 19. Ng3 {[%clk 0:28:19]} Qc7 {[%clk 0:30:17]} 20. Nh3 {[%clk
0:26:12]} h6 {[%clk 0:29:46]} 21. Rae1 {[%clk 0:24:48]} Rbc8 {[%clk 0:26:19]} 22.
Re2 {[%clk 0:24:49]} fxe4 {[%clk 0:25:00]} 23. Bxe4 {[%clk 0:24:37]} Bxe4 {[%clk
0:19:27]} 24. Rxe4 {[%clk 0:24:52]} Qd7 {[%clk 0:18:14]} 25. Qe6 {[%clk 0:22:34]}
Qxe6 {[%clk 0:17:42]} 26. Rxe6 {[%clk 0:23:02]} Nd5 {[%clk 0:16:15]} 27. Rxd6
{[%clk 0:21:51]} Ne3 {[%clk 0:16:11]} 28. Rc1 {[%clk 0:21:11]} b3 {[%clk
0:15:19]} 29. Ne2 {[%clk 0:15:46]} Rxc2 {[%clk 0:14:57]} 30. Rxc2 {[%clk
0:15:56]} bxc2 {[%clk 0:15:19]} 31. Nc1 {[%clk 0:15:29]} Rb8 {[%clk 0:10:16]} 32.
Kf2 {[%clk 0:14:51]} Rxb2 {[%clk 0:09:03]} 33. Ng1 {[%clk 0:15:10]} Nd1+ {[%clk
0:04:19]} 34. Kf3 {[%clk 0:13:18]} Nc3 {[%clk 0:04:21]} 35. Nge2 {[%clk 0:13:17]}
Rb1 {[%clk 0:03:02]} 36. Rc6 {[%clk 0:12:31]} Bf8 {[%clk 0:03:01]} 37. Rc8 {[%clk
0:11:55]} Kg7 {[%clk 0:03:22]} 38. Rc7+ {[%clk 0:11:57]} Kg8 {[%clk 0:03:00]} 39.
Rc8 {[%clk 0:12:24]} Kg7 {[%clk 0:02:15]} 40. Rc7+ {[%clk 0:42:53]} Kf6 {[%clk
0:32:28]} 41. Rc6+ {[%clk 0:42:02]} *

[Event "Baku Chess Olympiad | Open"]
[Site "chess24.com"]
[Date "2016.09.12"]
[Round "10"]
[White "Niraula, Bhupendra"]
[Black "Liu, Yeh Yang"]
[Result "0-1"]
[Board "3"]
[WhiteID "12300128"]
[WhiteElo "2071"]
[WhiteTitle "CM"]
[WhiteCountry "NEP"]
[WhiteFideId "12300128"]
[WhiteEloChange "-12"]
[BlackID "16300416"]
[BlackElo "2009"]
[BlackCountry "TPE"]
[BlackFideId "16300416"]
[BlackEloChange "12"]

1. e4 {[%clk 1:30:55]} c5 {[%clk 1:30:58]} 2. Nc3 {[%clk 1:31:16]} Nc6 {[%clk
1:31:26]} 3. f4 {[%clk 1:31:26]} d6 {[%clk 1:31:48]} 4. Nf3 {[%clk 1:31:31]} g6
{[%clk 1:32:15]} 5. Bb5 {[%clk 1:31:30]} Bd7 {[%clk 1:32:32]} 6. O-O {[%clk
1:31:00]} Bg7 {[%clk 1:33:01]} 7. d3 {[%clk 1:28:59]} Nd4 {[%clk 1:32:15]} 8. Bc4
{[%clk 1:17:01]} e6 {[%clk 1:31:56]} 9. Nxd4 {[%clk 1:17:07]} Bxd4+ {[%clk
1:31:21]} 10. Kh1 {[%clk 1:15:08]} a6 {[%clk 1:28:14]} 11. Qe1 {[%clk 1:06:15]}
Ne7 {[%clk 1:28:04]} 12. Ne2 {[%clk 1:03:50]} Bg7 {[%clk 1:28:13]} 13. f5 {[%clk
0:48:39]} exf5 {[%clk 1:20:09]} 14. Ng3 {[%clk 0:42:57]} Be5 {[%clk 1:15:51]} 15.
exf5 {[%clk 0:42:37]} Nxf5 {[%clk 1:16:04]} 16. Ne4 {[%clk 0:35:30]} O-O {[%clk
1:02:48]} 17. Bg5 {[%clk 0:33:07]} Qe8 {[%clk 1:03:16]} 18. g4 {[%clk 0:25:54]}
Ng7 {[%clk 1:03:44]} 19. Qh4 {[%clk 0:22:02]} Bc6 {[%clk 1:04:13]} 20. Be7 {[%clk
0:21:14]} d5 {[%clk 1:04:12]} 21. Bxf8 {[%clk 0:20:16]} Qxf8 {[%clk 1:04:19]} 22.
Bb3 {[%clk 0:18:44]} dxe4 {[%clk 1:01:29]} 23. Rxf7 {[%clk 0:17:25]} exd3+ {[%clk
1:01:30]} 24. Kg1 {[%clk 0:17:32]} Bd4+ {[%clk 0:59:49]} 25. Kf1 {[%clk 0:17:37]}
Qxf7+ {[%clk 1:00:17]} 26. Bxf7+ {[%clk 0:17:57]} Kxf7 {[%clk 1:00:46]} 27. cxd3
{[%clk 0:13:57]} Kg8 {[%clk 1:01:14]} 28. Ke2 {[%clk 0:11:20]} Bxb2 {[%clk
1:00:51]} 29. Rf1 {[%clk 0:11:19]} Bd4 {[%clk 1:00:26]} 30. Kd2 {[%clk 0:11:14]}
Re8 {[%clk 1:00:47]} 31. Re1 {[%clk 0:11:15]} Rf8 {[%clk 0:56:51]} 32. Qe7 {[%clk
0:10:30]} a5 {[%clk 0:52:38]} 33. h4 {[%clk 0:09:55]} Bf6 {[%clk 0:52:11]} 34.
Qxc5 {[%clk 0:09:33]} Bxh4 {[%clk 0:52:39]} 35. Re2 {[%clk 0:07:44]} a4 {[%clk
0:53:04]} 36. d4 {[%clk 0:07:16]} Rd8 {[%clk 0:53:15]} 37. Kc2 {[%clk 0:04:19]}
Bf6 {[%clk 0:52:04]} 38. Rd2 {[%clk 0:04:23]} Ne6 {[%clk 0:51:57]} 39. Qc4 {[%clk
0:04:12]} Bd5 {[%clk 0:52:26]} 40. Qxa4 {[%clk 0:34:15]} Nxd4+ {[%clk 1:22:35]}
41. Kc1 {[%clk 0:33:46]} Rc8+ {[%clk 1:20:16]} 42. Kd1 {[%clk 0:31:55]} Bf3+
{[%clk 1:20:41]} 43. Ke1 {[%clk 0:31:18]} Bh4+ {[%clk 1:21:09]} 44. Rf2 {[%clk
0:29:04]} b5 {[%clk 1:06:55]} 45. Qa7 {[%clk 0:26:15]} b4 {[%clk 0:59:09]} 46.
Qd7 {[%clk 0:24:36]} Rc1+ {[%clk 0:59:18]} 47. Kd2 {[%clk 0:24:36]} Rd1+ {[%clk
0:59:45]} 48. Ke3 {[%clk 0:24:30]} Bg5# {[%clk 1:00:12]} 0-1